Normal view
MARC view
Entry Corporate Name
001 - CONTROL NUMBER
- control field: 34898
003 - CONTROL NUMBER IDENTIFIER
- control field: ARRUPE
005 - DATE AND TIME OF LATEST TRANSACTION
- control field: 20170821084254.0
008 - FIXED-LENGTH DATA ELEMENTS
- fixed length control field: 170821|| aca||aabn | a|a d
040 ## - CATALOGING SOURCE
- Original cataloging agency: ARRUPE
- Transcribing agency: ARRUPE
110 ## - HEADING--CORPORATE NAME
- Corporate name or jurisdiction name as entry element: All Africa Conference of Churches.
- Subordinate unit: Assembly.
- Number of part/section/meeting: (4th :
- Date of meeting or treaty signing: 1981 :
- Location of meeting: Nairobi, Kenya)
670 ## - SOURCE DATA FOUND
- Source citation: Work cat.: (ARRUPE)0: All Africa Conference of Churches. Assembly. (4th : 1981 : Nairobi, Kenya), Follow me-- feed my lambs :, 1982.